000 01053cam a2200229 4500
008 000000n2005 000 0 eng u
020 _a1904829228
035 _a(Sirsi) u132547
041 _aeng
050 _a690.24
_c18
110 _aBuilding Maintenance Information
_93229
245 _aReview of maintenance costs 2005
260 _aLondon
_bBMI
_c2005
300 _a78p
_c30cm.
490 _aBMI Special Report
_v341
520 _aThis report contains estimates of the annual average maintenance costs for a range of building types including: industrial; administration; retail; emergency services; health service; homes (welfare); recreational; religious; education, scientific and information; and residential.
520 _aThis item is part of a subscription service and cannot be photocopied. Neither can any part of it be read out over the phone. Please contact BMI direct on +44 (0)20 7695 1500.
650 _aMAINTENANCE COST INDICES
650 _aMAINTENANCE COSTS
690 _aBUILT ENVIRONMENT-BUILDING COSTS
942 _n0
999 _c105182
_d105182